Statistics for North American Countries By Population (2022)

Click here to take the quiz!

General Stats

  • This quiz has been taken 28 times
  • The average score is 19 of 23

Answer Stats

PopulationCountry% Correct
38,534,169Canada
100%
132,216,189Mexico
100%
335,593,305United States
100%
11,318,270Cuba
92%
72,410Dominica
92%
11,113,330Dominican Republic
92%
18,719,524Guatemala
88%
11,736,602Haiti
88%
2,992,685Jamaica
88%
4,482,412Panama
88%
54,093Saint Kitts and Nevis
88%
99,892Antigua and Barbuda
84%
288,286Barbados
84%
5,208,364Costa Rica
84%
6,562,136El Salvador
84%
10,283,922Honduras
84%
6,814,406Nicaragua
84%
185,771Saint Lucia
84%
1,411,901Trinidad and Tobago
84%
402,340Bahamas
80%
415,176Belize
76%
113,819Grenada
64%
57,027Greenland
28%

Score Distribution

Percentile by Number Answered

Percent of People with Each Score

Your Score History

You have not taken this quiz